[Event "World Blitz 2016"]
[Site "Doha QAT"]
[Date "2016.12.29"]
[Round "1.2"]
[White "Jumabayev, Rinat"]
[Black "Artemiev, Vladislav"]
[Result "1-0"]
[WhiteTitle "GM"]
[BlackTitle "GM"]
[WhiteElo "2611"]
[BlackElo "2653"]
[WhiteFideId "13702661"]
[BlackFideId "24101605"]
[EventDate "2016.12.29"]

1. Nf3 Nf6 2. g3 g6 3. Bg2 Bg7 4. d4 d5 5. c4 c6 6. O-O O-O 7. Qb3 Qb6 8. Nc3
Rd8 9. Rd1 Bf5 10. Ne1 Na6 11. Qxb6 axb6 12. cxd5 Nxd5 13. Nxd5 cxd5 14. Bg5 Kf8
15. a3 Rac8 16. h3 Rc4 17. g4 Be4 18. e3 Rdc8 19. Bf1 R4c6 20. Bb5 Rd6 21. f3
Nc7 22. Rac1 Rdd8 23. Bf1 Ne6 24. Bh4 g5 25. Rxc8 Rxc8 26. fxe4 gxh4 27. exd5
Ng5 28. Bg2 b5 29. Kf1 Ke8 30. Ke2 b6 31. Rd2 Rc1 32. Rc2 Rb1 33. Nd3 Kd7 34.
Rc1 Rxc1 35. Nxc1 e6 36. dxe6+ fxe6 37. Nd3 Kd6 38. Kd2 Bf8 39. Kc3 Kc7 40. Nf4
Bd6 41. Kd3 e5 42. Nd5+ Kb7 43. Nc3+ Ka6 44. dxe5 Bxe5 45. b4 h6 46. Nd5 Kb7 47.
Nc3+ Ka6 48. Kc2 Bf6 49. Bf1 Kb7 50. Nxb5 Kc6 51. Nc3 Kd6 52. Bg2 Kd7 53. Kd3
Nf7 54. Nd5 Bd8 55. a4 Kd6 56. Kc4 Ne5+ 57. Kb5 Nd7 58. a5 bxa5 59. bxa5 Bxa5
60. Kxa5 Kc5 61. Ne7 Kc4 62. Nf5 Kd3 63. Nxh4 Kxe3 64. Nf5+ Kf4 65. Nxh6 Ne5 66.
Nf5 Nxg4 67. hxg4 Kxg4 68. Nd4 Kg3 69. Bb7 Kf4 70. Kb4 Ke5 71. Kc4 Kd6 72. Nb5+
Ke5 73. Kd3 Kf6 74. Ke4 Kg6 75. Kf4 Kf6 76. Bd5 Kg7 77. Kg5 Kh8 78. Kf6 Kh7 79.
Nd6 Kh8 80. Nf7+ Kg8 81. Be4 Kf8 82. Bh7 Ke8 83. Ne5 Kd8 84. Ke6 Ke8 85. Nd7 Kd8
86. Kd6 Ke8 87. Bg6+ Kd8 88. Bf7 Kc8 89. Nc5 Kd8 90. Nb7+ Kc8 91. Kc6 Kb8 92.
Kb6 Kc8 93. Be6+ Kb8 94. Nc5 Ka8 95. Bd7 1-0

[Event "World Blitz 2016"]
[Site "Doha QAT"]
[Date "2016.12.29"]
[Round "1.4"]
[White "Inarkiev, Ernesto"]
[Black "Aronian, Levon"]
[Result "1/2-1/2"]
[WhiteTitle "GM"]
[BlackTitle "GM"]
[WhiteElo "2709"]
[BlackElo "2785"]
[WhiteFideId "4162722"]
[BlackFideId "13300474"]
[EventDate "2016.12.29"]

1. e4 e5 2. Nf3 Nc6 3. Bb5 a6 4. Ba4 Nf6 5. O-O Be7 6. Re1 b5 7. Bb3 O-O 8. a4
b4 9. d4 d6 10. dxe5 dxe5 11. Nbd2 Bc5 12. a5 Ng4 13. Rf1 Nf6 14. h3 Qe7 15. Re1
Rd8 16. Ng5 Rf8 17. Ngf3 Rd8 18. Ng5 Rf8 19. Ngf3 Be6 20. Qe2 Rfd8 21. Bxe6 Qxe6
22. Nb3 Nd4 23. Nfxd4 Bxd4 24. Rb1 h6 25. Rd1 c5 26. Nd2 Qc6 27. Kf1 Ra7 28. Re1
Qb5 29. Qxb5 axb5 30. Nb3 c4 31. Nxd4 exd4 32. Bd2 c3 33. bxc3 bxc3 34. Bf4 g5
35. Be5 Nh5 36. Rxb5 Re7 37. Bb8 Re6 38. Ra1 d3 39. cxd3 Rxd3 40. Rc5 Nf6 41. f3
Nd7 42. Rc8+ Kg7 43. a6 Nxb8 44. Rxb8 c2 45. Ke2 Rc3 46. Kd2 Rxa6 47. Rc1 Rc5
48. Rxc2 Rxc2+ 49. Kxc2 Ra1 50. Kd3 h5 51. Ke3 Ra2 52. g4 Rh2 53. gxh5 Rxh3 54.
Rb5 f6 55. Kf2 1/2-1/2

[Event "World Blitz 2016"]
[Site "Doha QAT"]
[Date "2016.12.29"]
[Round "1.5"]
[White "Nepomniachtchi, Ian"]
[Black "Volokitin, Andrei"]
[Result "1-0"]
[WhiteTitle "GM"]
[BlackTitle "GM"]
[WhiteElo "2767"]
[BlackElo "2649"]
[WhiteFideId "4168119"]
[BlackFideId "14107090"]
[EventDate "2016.12.29"]

1. e4 c5 2. Nf3 d6 3. d4 cxd4 4. Nxd4 Nf6 5. Nc3 a6 6. g3 e5 7. Nf3 Be7 8. Nh4
O-O 9. Bg2 g6 10. O-O Nbd7 11. f4 b5 12. f5 b4 13. Nd5 Nxd5 14. Qxd5 Qb6+ 15.
Kh1 Bb7 16. Qd1 Bxh4 17. gxh4 Nf6 18. Bh6 Nxe4 19. Bxf8 Rxf8 20. Qe2 d5 21. fxg6
hxg6 22. h5 g5 23. a3 f5 24. axb4 Qxb4 25. c3 Qb6 26. Rad1 d4 27. cxd4 exd4 28.
Qc4+ Kh7 29. Qxd4 Qb3 30. Rc1 Rf7 31. Rxf5 Rxf5 32. Rc7+ Rf7 33. Bxe4+ Kg8 34.
Qd8+ Kg7 35. h6+ 1-0

[Event "World Blitz 2016"]
[Site "Doha QAT"]
[Date "2016.12.29"]
[Round "1.8"]
[White "Flores, Diego"]
[Black "Karjakin, Sergey"]
[Result "0-1"]
[WhiteTitle "GM"]
[BlackTitle "GM"]
[WhiteElo "2579"]
[BlackElo "2785"]
[WhiteFideId "108049"]
[BlackFideId "14109603"]
[EventDate "2016.12.29"]

1. c4 e5 2. g3 Nf6 3. Bg2 d5 4. cxd5 Nxd5 5. Nc3 Nb6 6. Nf3 Nc6 7. O-O Be7 8. a4
a5 9. d3 Be6 10. Be3 Nd5 11. d4 exd4 12. Nxd4 Nxe3 13. Nxe6 Nxd1 14. Nxd8 Nxd8
15. Nd5 Ne6 16. Rfxd1 c6 17. Nb6 Rd8 18. Rxd8+ Bxd8 19. Nc4 Bc7 20. Rb1 Ke7 21.
b4 axb4 22. Rxb4 Nc5 23. Nb2 Ra8 24. Nd3 Rxa4 25. Rb1 Nxd3 26. Rxb7 Ra1+ 27. Bf1
Ne5 28. Rxc7+ Kd6 29. Rb7 c5 30. h3 c4 31. f4 Nc6 32. Kf2 c3 33. Rb3 c2 34. Rd3+
Kc7 0-1

[Event "World Blitz 2016"]
[Site "Doha QAT"]
[Date "2016.12.29"]
[Round "1.11"]
[White "Mamedov, Rauf"]
[Black "Ghaem Maghami, Ehsan"]
[Result "1/2-1/2"]
[WhiteTitle "GM"]
[BlackTitle "GM"]
[WhiteElo "2688"]
[BlackElo "2574"]
[WhiteFideId "13401653"]
[BlackFideId "12500739"]
[EventDate "2016.12.29"]

1. c4 e6 2. g3 Nf6 3. Bg2 d5 4. Nf3 dxc4 5. Qa4+ c6 6. Qxc4 b5 7. Qc2 Bb7 8. O-O
Nbd7 9. d4 c5 10. Nc3 a6 11. Bg5 Rc8 12. Rad1 Qb6 13. Qd2 Be7 14. Ne5 Bxg2 15.
Nxd7 Nxd7 16. Kxg2 cxd4 17. Bxe7 Kxe7 18. Qxd4 Qxd4 19. Rxd4 Nb6 20. Rfd1 Rhd8
21. Rxd8 Rxd8 22. Rxd8 Kxd8 23. Kf3 Ke7 24. Ne4 a5 25. b3 Nd5 26. Nc5 Nc3 27. a4
bxa4 28. bxa4 Kd6 29. Nb7+ Kd5 30. Nxa5 Nxa4 31. e4+ Kd6 32. Nc4+ Ke7 33. Ke3
Nc5 34. f3 Nd7 35. Kd4 h6 36. e5 Nb8 37. Na5 Kd7 38. Nc4 Nc6+ 39. Kc5 Nd8 40.
Na5 Kc7 41. f4 f6 42. Nc4 Kd7 43. Nb6+ Kc7 44. Nc4 Kd7 45. Ne3 fxe5 46. fxe5 Nf7
47. Nc4 Kc7 48. Kd4 Kc6 49. Nd2 Nd8 50. Ne4 Kd7 51. Nc5+ Ke7 52. Ke4 Nc6 53. Nd3
Kf7 54. h4 Ne7 55. h5 g6 1/2-1/2

[Event "World Blitz 2016"]
[Site "Doha QAT"]
[Date "2016.12.29"]
[Round "1.12"]
[White "Najer, Evgeniy"]
[Black "Grischuk, Alexander"]
[Result "0-1"]
[WhiteTitle "GM"]
[BlackTitle "GM"]
[WhiteElo "2679"]
[BlackElo "2737"]
[WhiteFideId "4118987"]
[BlackFideId "4126025"]
[EventDate "2016.12.29"]

1. e4 e5 2. Nf3 Nc6 3. Bb5 a6 4. Ba4 g6 5. c3 Bg7 6. d4 exd4 7. cxd4 b5 8. Bb3
d6 9. h3 Nge7 10. O-O O-O 11. Re1 Na5 12. Bc2 c5 13. Nc3 cxd4 14. Nxd4 Bb7 15.
Bg5 h6 16. Bh4 Re8 17. Nd5 Bxd5 18. exd5 Qb6 19. Nf3 Qb7 20. Qe2 Kf8 21. Rad1
Nf5 22. Qd3 Nc4 23. Rxe8+ Rxe8 24. Rb1 Qc7 25. b3 Na3 26. Rc1 Rc8 27. g4 0-1

[Event "World Blitz 2016"]
[Site "Doha QAT"]
[Date "2016.12.29"]
[Round "1.13"]
[White "Amonatov, Farrukh"]
[Black "Lalith, Babu M R"]
[Result "1-0"]
[WhiteTitle "GM"]
[BlackTitle "GM"]
[WhiteElo "2620"]
[BlackElo "2587"]
[WhiteFideId "14700077"]
[BlackFideId "5024595"]
[EventDate "2016.12.29"]

1. e4 e5 2. Nf3 Nc6 3. Nc3 Nf6 4. g3 d5 5. exd5 Nxd5 6. Bg2 Nxc3 7. bxc3 Bd6 8.
O-O O-O 9. d3 Bg4 10. h3 Bh5 11. Qe1 Qd7 12. Rb1 Rab8 13. Nd2 f5 14. Nc4 Rfe8
15. Qd2 Bf7 16. Nxd6 cxd6 17. a4 b6 18. Ba3 Na5 19. Rb5 Rbc8 20. Re1 d5 21. c4
dxc4 22. Rbxe5 Rxe5 23. Rxe5 Qxa4 24. Bb2 cxd3 25. Qg5 Kf8 26. Re3 Bg6 27. Qe7+ 1-0

[Event "World Blitz 2016"]
[Site "Doha QAT"]
[Date "2016.12.29"]
[Round "1.14"]
[White "Maghsoodloo, Parham"]
[Black "Tomashevsky, Evgeny"]
[Result "0-1"]
[WhiteTitle "GM"]
[BlackTitle "GM"]
[WhiteElo "2584"]
[BlackElo "2716"]
[WhiteFideId "12539929"]
[BlackFideId "4147235"]
[EventDate "2016.12.29"]

1. Nf3 Nf6 2. g3 d5 3. Bg2 c6 4. b3 Bg4 5. Bb2 Nbd7 6. h3 Bh5 7. d3 e6 8. g4 Bg6
9. Nh4 Bd6 10. Nd2 Qe7 11. a3 e5 12. e4 dxe4 13. dxe4 Nc5 14. Nf5 Bxf5 15. exf5
O-O-O 16. g5 Nd5 17. Qg4 Kb8 18. O-O-O h5 19. gxh6 gxh6 20. Rhe1 Rhg8 21. Qf3
Qg5 22. Bh1 e4 23. Qg4 Bf4 24. Qxg5 Rxg5 25. Kb1 e3 26. Nc4 exf2 27. Rf1 Rxf5
28. Rxf2 Nc3+ 29. Bxc3 Rxd1+ 30. Ka2 Rxh1 31. Nd6 Bxd6 32. Rxf5 Ne4 33. Bg7 f6
34. Rh5 Be5 35. b4 Nd2 0-1

[Event "World Blitz 2016"]
[Site "Doha QAT"]
[Date "2016.12.29"]
[Round "1.15"]
[White "Anand, Viswanathan"]
[Black "Bologan, Victor"]
[Result "1-0"]
[WhiteTitle "GM"]
[BlackTitle "GM"]
[WhiteElo "2779"]
[BlackElo "2640"]
[WhiteFideId "5000017"]
[BlackFideId "13900048"]
[EventDate "2016.12.29"]

1. e4 c5 2. Nf3 d6 3. d4 cxd4 4. Nxd4 Nf6 5. Nc3 a6 6. h3 e6 7. g4 Be7 8. g5
Nfd7 9. h4 b5 10. a3 Bb7 11. Be3 Nc6 12. Qe2 Rc8 13. Bh3 Nxd4 14. Bxd4 e5 15.
Be3 Rc4 16. f3 O-O 17. Qd2 Qc7 18. O-O-O Nc5 19. Bf1 Rxc3 20. Qxc3 Qb8 21. Kb1
Ne6 22. Bh3 Rc8 23. Qd2 Qc7 24. h5 Rd8 25. g6 Bf6 26. Bxe6 fxe6 27. h6 hxg6 28.
Bg5 d5 29. hxg7 Qxg7 30. Bxf6 Qxf6 31. Qh6 Rd7 32. Rdg1 Rg7 33. Qh8+ Kf7 34. Qb8
Qe7 35. Qxe5 Qf6 36. Qb8 Qe7 37. Rh8 dxe4 38. Qf4+ 1-0

[Event "World Blitz 2016"]
[Site "Doha QAT"]
[Date "2016.12.29"]
[Round "1.16"]
[White "Adhiban, Baskaran"]
[Black "Ivanchuk, Vassily"]
[Result "1-0"]
[WhiteTitle "GM"]
[BlackTitle "GM"]
[WhiteElo "2666"]
[BlackElo "2747"]
[WhiteFideId "5018471"]
[BlackFideId "14100010"]
[EventDate "2016.12.29"]

1. d4 d5 2. c4 dxc4 3. e3 Nf6 4. Bxc4 e6 5. Nf3 c5 6. O-O Nc6 7. Nc3 a6 8. dxc5
Bxc5 9. Qxd8+ Kxd8 10. b3 b5 11. Be2 Bb7 12. Bb2 Ke7 13. Rac1 Bd6 14. Rfd1 Rhd8
15. Ng5 Ne5 16. Rxd6 Rxd6 17. Ba3 Ne8 18. Nce4 Rd8 19. f4 Nc6 20. Nxd6 Nxd6 21.
Bf3 b4 22. Bb2 Na5 23. Bxg7 Bxf3 24. Nxf3 Ne4 25. Bd4 Rd6 26. Ne5 f6 27. Nd3 Nc6
28. Nc5 Nxd4 29. exd4 Rxd4 30. Nxe4 Rxe4 31. Rc7+ Kd6 32. Rxh7 Re1+ 33. Kf2 Ra1
34. g4 Rxa2+ 35. Ke3 Rb2 36. g5 Rxb3+ 37. Kd4 fxg5 38. fxg5 Rb1 39. h4 b3 40.
Kc3 a5 41. g6 b2 42. g7 Rg1 43. Kxb2 e5 44. h5 e4 45. Kc3 a4 46. h6 a3 47. Kb3
e3 48. Rh8 e2 49. Re8 Rg3+ 50. Ka2 Rg2 51. Kxa3 1-0

[Event "World Blitz 2016"]
[Site "Doha QAT"]
[Date "2016.12.29"]
[Round "1.17"]
[White "Jobava, Baadur"]
[Black "Quparadze, Giga"]
[Result "0-1"]
[WhiteTitle "GM"]
[BlackTitle "IM"]
[WhiteElo "2702"]
[BlackElo "2481"]
[WhiteFideId "13601520"]
[BlackFideId "13602250"]
[EventDate "2016.12.29"]

1. d4 Nf6 2. Nc3 d5 3. Bf4 c5 4. e3 Nc6 5. Nb5 e5 6. dxe5 Ne4 7. Qxd5 Qa5+ 8. c3
g5 9. Qxe4 gxf4 10. exf4 a6 11. Nd6+ Bxd6 12. exd6+ Kd8 13. Be2 Re8 14. Qxh7 Nd4
15. Kf1 Nxe2 16. Nxe2 Qb5 17. Re1 Qxb2 18. Qxf7 Qb6 19. Qc7+ Qxc7 20. dxc7+ Kxc7
21. f3 Be6 22. Nc1 Rad8 23. Kf2 Rd2+ 24. Re2 Rxe2+ 25. Nxe2 Bxa2 26. g4 Bc4 27.
Ng3 b5 28. Ne4 Kc6 29. Ra1 Ra8 30. f5 a5 31. g5 a4 32. g6 a3 33. f6 a2 34. f7 b4
35. cxb4 cxb4 36. Nd2 Be6 37. h4 Kd6 38. h5 Ke7 39. Kg3 Kf6 40. Ne4+ Kg7 41. Nc5
Bd5 42. f4 Rc8 43. Nd7 b3 44. f5 b2 45. f6+ Kh6 46. g7 Bxf7 47. Ne5 bxa1=Q 48.
Nxf7+ Kxh5 0-1

[Event "World Blitz 2016"]
[Site "Doha QAT"]
[Date "2016.12.29"]
[Round "1.18"]
[White "Dreev, Aleksey"]
[Black "Bortnyk, Olexandr"]
[Result "1-0"]
[WhiteTitle "GM"]
[BlackTitle "GM"]
[WhiteElo "2652"]
[BlackElo "2581"]
[WhiteFideId "4100107"]
[BlackFideId "14120828"]
[EventDate "2016.12.29"]

1. d4 d6 2. Nf3 Nf6 3. g3 g6 4. Bg2 Bg7 5. O-O O-O 6. b3 Bf5 7. Bb2 Qc8 8. Re1
c5 9. c4 Ne4 10. Nh4 Nc6 11. e3 Ng5 12. Nxf5 Qxf5 13. Na3 Nh3+ 14. Bxh3 Qxh3 15.
Nc2 a5 16. a4 Rad8 17. Qf3 e5 18. Rad1 Rde8 19. Qg2 Qxg2+ 20. Kxg2 exd4 21. exd4
Rxe1 22. Rxe1 cxd4 23. Ba3 Rd8 24. Rd1 d5 25. c5 Re8 26. Kf1 f5 27. Ne1 Kf7 28.
Nd3 g5 29. Rb1 Bf8 30. b4 axb4 31. Bxb4 Ra8 32. Bd2 Rxa4 33. Rxb7+ Ke6 34. Bxg5
Ra3 35. Nf4+ Ke5 36. Rb6 d3 37. Rxc6 1-0

[Event "World Blitz 2016"]
[Site "Doha QAT"]
[Date "2016.12.29"]
[Round "1.20"]
[White "Svane, Rasmus"]
[Black "Adly, Ahmed"]
[Result "0-1"]
[WhiteTitle "GM"]
[BlackTitle "GM"]
[WhiteElo "2555"]
[BlackElo "2599"]
[WhiteFideId "4657101"]
[BlackFideId "10601619"]
[EventDate "2016.12.29"]

1. Nf3 d5 2. d4 Nf6 3. c4 e6 4. Nc3 c6 5. e3 Nbd7 6. Qc2 Bd6 7. Bd3 O-O 8. O-O
dxc4 9. Bxc4 e5 10. Rd1 Qe7 11. h3 e4 12. Nd2 Nb6 13. a4 Bf5 14. a5 Nbd5 15. Qb3
Nb4 16. Na2 Nfd5 17. Nxb4 Nxb4 18. Nf1 Qg5 19. Kh1 Qh4 20. Kg1 Qg5 21. Kh1 Qh4
22. Kg1 Rae8 23. Bd2 Bxh3 24. gxh3 Nd5 25. Bxd5 cxd5 26. Qxd5 Re6 27. Qf5 Rf6
28. Qg4 Rg6 29. Nh2 Bxh2+ 0-1

[Event "World Blitz 2016"]
[Site "Doha QAT"]
[Date "2016.12.29"]
[Round "1.22"]
[White "Aleksandrov, Aleksej"]
[Black "Lu, Shanglei"]
[Result "1-0"]
[WhiteTitle "GM"]
[BlackTitle "GM"]
[WhiteElo "2574"]
[BlackElo "2627"]
[WhiteFideId "13500139"]
[BlackFideId "8603332"]
[EventDate "2016.12.29"]

1. d4 f5 2. Nf3 Nf6 3. c4 g6 4. g3 Bg7 5. b4 d6 6. Bb2 O-O 7. Bg2 c6 8. O-O Kh8
9. Nbd2 Be6 10. Qc2 Nbd7 11. Rfe1 Bg8 12. a4 a6 13. a5 d5 14. Ne5 Ne4 15. cxd5
cxd5 16. Nd3 Nd6 17. Nc5 Rc8 18. e3 e6 19. f4 g5 20. h3 h6 21. Nf3 Qe8 22. Qe2
gxf4 23. gxf4 Nc4 24. Bc3 Nxc5 25. bxc5 Rxc5 26. Bb4 Rc7 27. Bxf8 Bxf8 28. Ne5
Bb4 29. Red1 Nxa5 30. Kh2 Nc4 31. Bf3 Nxe5 32. fxe5 Bf7 33. Rac1 Qe7 34. Rg1 b5
35. Qg2 Bh5 1-0

[Event "World Blitz 2016"]
[Site "Doha QAT"]
[Date "2016.12.29"]
[Round "1.23"]
[White "Melkumyan, Hrant"]
[Black "Ganguly, Surya Shekhar"]
[Result "0-1"]
[WhiteTitle "GM"]
[BlackTitle "GM"]
[WhiteElo "2633"]
[BlackElo "2668"]
[WhiteFideId "13302485"]
[BlackFideId "5002150"]
[EventDate "2016.12.29"]

1. Nf3 d5 2. d4 Nf6 3. c4 e6 4. Nc3 c5 5. e3 Nc6 6. cxd5 Nxd5 7. Bd3 Be7 8. O-O
O-O 9. Be4 cxd4 10. exd4 Nf6 11. Bxc6 bxc6 12. Na4 Ba6 13. Re1 Bb5 14. Bg5 h6
15. Bxf6 Bxf6 16. Rc1 Qd5 17. Nc3 Qf5 18. Ne4 Rfd8 19. Nxf6+ Qxf6 20. Qc2 Rd6
21. h3 Rad8 22. Re3 a5 23. a4 Ba6 24. Qc3 Rd5 25. b3 Qe7 26. Qxc6 Bb7 27. Qc3
Qd6 28. Rce1 Rf5 29. Ne5 Qxd4 30. Qxd4 Rxd4 31. f3 Bd5 32. Ng4 Rb4 33. Rb1 Rff4
34. Ne5 Rfd4 35. Rc3 f6 36. Nd3 Rb8 37. Nc5 Rdb4 38. Kf2 h5 39. Ke3 h4 40. Kd2
Kf7 41. Kc2 g5 42. Nd3 R4b7 43. Nc5 Rb4 44. Nd3 R4b7 45. Rb2 Kg6 46. Nc1 Kf5 47.
Rc5 Kf4 48. Rxa5 Kg3 49. Kd1 Bxb3+ 50. Ke1 Bd5 51. Rc2 Rb2 52. Rac5 Rxc2 53.
Rxc2 Ra8 54. Kf1 Kh2 55. Kf2 Rxa4 56. Ne2 e5 57. Rd2 Bc4 58. Nc3 Ra3 59. Nd1 Ra2
60. Rxa2 Bxa2 61. Ne3 Be6 62. Nf1+ Kh1 63. Ne3 f5 64. Nf1 Bc4 65. Ne3 Bd3 66.
Nd5 e4 67. f4 g4 68. Ne3 g3+ 69. Ke1 Kg1 70. Kd2 Kf2 71. Nxf5 Kxg2 72. Nxh4+
Kxh3 0-1

[Event "World Blitz 2016"]
[Site "Doha QAT"]
[Date "2016.12.29"]
[Round "1.24"]
[White "Perez Ponsa, Federico"]
[Black "Yu, Yangyi"]
[Result "0-1"]
[WhiteTitle "GM"]
[BlackTitle "GM"]
[WhiteElo "2585"]
[BlackElo "2729"]
[WhiteFideId "117927"]
[BlackFideId "8603820"]
[EventDate "2016.12.29"]

1. e4 c5 2. Nf3 Nc6 3. Nc3 e5 4. Bc4 Be7 5. d3 d6 6. Nd2 Nf6 7. Nf1 Bg4 8. Qd2
Be6 9. Ne3 O-O 10. O-O Nd7 11. Ned5 Nb6 12. Nxb6 axb6 13. Nd5 Kh8 14. a3 Na5 15.
Bb5 f5 16. Rb1 Nc6 17. c3 h6 18. Bc4 Na5 19. Ba2 Nc6 20. b4 cxb4 21. axb4 Bg5
22. Qe2 Bxc1 23. Rbxc1 Ne7 24. Nxe7 Rxa2 25. Ng6+ Kg8 26. Qh5 Rf6 27. Nh4 fxe4
28. dxe4 Bc4 29. Nf5 Bxf1 30. Rxf1 Qf8 31. Qg4 g6 32. Qg3 Kh7 33. Ne3 Rf7 34.
Nd5 b5 35. Qe3 Qd8 36. h3 Qg5 37. Qd3 h5 38. Qe3 Qxe3 39. Nxe3 Kg7 40. Nd5 Kf8
41. f3 Ke8 42. Rd1 Kd7 43. c4 bxc4 44. Nb6+ Ke6 45. Nxc4 Rd7 46. Ne3 Rc7 47. h4
Rc3 48. Re1 Rca3 49. Kh2 Ra1 50. Re2 R3a2 51. Rxa2 Rxa2 52. Kg3 Rd2 53. Kh3 b5
54. g4 Rd3 55. Nd5 Rxf3+ 56. Kg2 hxg4 57. Nc7+ Kd7 58. Nxb5 Rb3 0-1

[Event "World Blitz 2016"]
[Site "Doha QAT"]
[Date "2016.12.29"]
[Round "1.25"]
[White "Zhigalko, Sergei"]
[Black "Tari, Aryan"]
[Result "0-1"]
[WhiteTitle "GM"]
[BlackTitle "GM"]
[WhiteElo "2671"]
[BlackElo "2584"]
[WhiteFideId "13502956"]
[BlackFideId "1510045"]
[EventDate "2016.12.29"]

1. e4 e5 2. Nf3 Nc6 3. Bc4 Nf6 4. Ng5 d5 5. exd5 Na5 6. Bb5+ c6 7. dxc6 bxc6 8.
Bd3 Nd5 9. Nf3 Bd6 10. O-O Nf4 11. Nc3 Nxd3 12. cxd3 O-O 13. Ne4 c5 14. Re1 Nc6
15. b3 Ba6 16. Ba3 Bxd3 17. Nxd6 Qxd6 18. Rc1 Rfe8 19. Bxc5 Qd7 20. h3 Rad8 21.
b4 e4 22. Nh2 Nd4 23. a4 f5 24. b5 Kh8 25. Kh1 Ne6 26. Qh5 Nf4 27. Qh4 Nd5 28.
Nf1 h6 29. Ne3 Qf7 30. Nxd5 Rxd5 31. Qf4 g5 32. Qh2 f4 33. Ba3 Kh7 34. Bb2 Rd7
35. Rc6 Re6 36. Rec1 Be2 37. Qg1 Rxd2 38. Rc7 Rd7 39. Rxd7 Qxd7 40. Qe1 Bh5 41.
Qc3 Re8 42. Qa5 Re7 43. Qc3 Re8 44. a5 f3 45. g4 Bg6 46. b6 axb6 47. axb6 e3 48.
Qf6 exf2 49. Kh2 f1=Q 50. Rxf1 Qd2+ 0-1

[Event "World Blitz 2016"]
[Site "Doha QAT"]
[Date "2016.12.29"]
[Round "1.27"]
[White "Morozevich, Alexander"]
[Black "Christiansen, Johan-Sebastian"]
[Result "1-0"]
[WhiteTitle "GM"]
[BlackTitle "IM"]
[WhiteElo "2676"]
[BlackElo "2429"]
[WhiteFideId "4116992"]
[BlackFideId "1512668"]
[EventDate "2016.12.29"]

1. e4 e6 2. d4 d5 3. Nc3 Nf6 4. e5 Nfd7 5. Nce2 c5 6. c3 Nc6 7. f4 Be7 8. Nf3
O-O 9. h4 cxd4 10. cxd4 a5 11. a3 a4 12. Nc3 Nb6 13. Bd3 f5 14. exf6 Bxf6 15.
Bc2 Qe8 16. h5 Ne7 17. Qd3 g6 18. hxg6 Qxg6 19. Qe2 Qg3+ 20. Qf2 Qxf2+ 21. Kxf2
Ng6 22. Be3 Bd7 23. Rh5 Nc4 24. Rah1 Rf7 25. Bc1 Rc8 26. Ng5 Bxg5 27. Rxg5 Rg7
28. Rh3 Nd6 29. Ke1 Rf8 30. g3 Nf5 31. Bxf5 exf5 32. Nxd5 Bc6 33. Nc3 Rd8 34.
Rxf5 Rxd4 35. Rfh5 Bd7 36. Rh2 Bg4 37. Rd5 Re7+ 38. Kf2 Rxd5 39. Nxd5 Re2+ 40.
Kg1 Re1+ 41. Kf2 Rxc1 42. Nf6+ Kg7 43. Nxg4 Rc2+ 44. Ke3 Rc5 45. Rd2 Ne7 46. Rd7
Kf8 47. Rxb7 Nf5+ 48. Kf3 Nd4+ 49. Ke4 Ne2 50. Ne5 Kg8 51. g4 Rc1 52. Ke3 Ng3
53. Kf3 Nf1 54. g5 Nd2+ 55. Ke3 Nf1+ 56. Ke2 Ng3+ 57. Kf3 Nf5 58. Ng4 Rf1+ 59.
Ke2 Rxf4 60. Nf6+ Kf8 61. Nxh7+ Ke8 62. Nf6+ Kd8 63. Rb4 Ng3+ 64. Ke3 Rf5 65.
Rg4 Ke7 66. Rxg3 1-0

[Event "World Blitz 2016"]
[Site "Doha QAT"]
[Date "2016.12.29"]
[Round "1.28"]
[White "Hirneise, Tobias"]
[Black "Vitiugov, Nikita"]
[Result "0-1"]
[WhiteTitle "IM"]
[BlackTitle "GM"]
[WhiteElo "2466"]
[BlackElo "2726"]
[WhiteFideId "24600881"]
[BlackFideId "4152956"]
[EventDate "2016.12.29"]

1. d4 Nf6 2. c4 e6 3. Nf3 d5 4. Nc3 Nbd7 5. cxd5 exd5 6. Bg5 c6 7. e3 h6 8. Bh4
g5 9. Bg3 Nh5 10. Bd3 Nxg3 11. hxg3 Bg7 12. Qc2 Qe7 13. O-O-O Nb6 14. Kb1 Be6
15. Nd2 O-O-O 16. Nb3 Kb8 17. Rhe1 h5 18. Bf5 Qf6 19. Bxe6 fxe6 20. e4 h4 21.
exd5 exd5 22. gxh4 gxh4 23. Nc5 Rhe8 24. Rxe8 Rxe8 25. a4 a5 26. Qb3 Qf5+ 27.
Ka2 Ka7 28. Nxd5 cxd5 29. Qb5 Re6 30. Qxa5+ Kb8 31. Qb5 Rc6 32. a5 Qc2 33. Rd3
Qc4+ 34. Rb3 Qxb5 35. Rxb5 Bxd4 36. Nb3 Bxf2 37. axb6 Rxb6 38. Rxd5 Rg6 39. Rf5
Rxg2 40. Rh5 Kc7 41. Ka3 Kd6 42. Kb4 Ke6 43. Kc4 Kf6 44. Nd2 Kg6 45. Rh8 Kg7 46.
Rh5 Bg3 47. Ne4 Kg6 48. Rh8 Kf5 49. Kd5 Rxb2 50. Rf8+ Kg4 51. Rg8+ Kf3 52. Ng5+
Kg2 53. Ke4 Re2+ 54. Kf5 h3 55. Ne4 Rxe4 56. Kxe4 h2 0-1

[Event "World Blitz 2016"]
[Site "Doha QAT"]
[Date "2016.12.29"]
[Round "1.29"]
[White "Riazantsev, Alexander"]
[Black "Salinas Herrera, Pablo"]
[Result "0-1"]
[WhiteTitle "GM"]
[BlackTitle "IM"]
[WhiteElo "2671"]
[BlackElo "2466"]
[WhiteFideId "4125029"]
[BlackFideId "3407128"]
[EventDate "2016.12.29"]

1. d4 d5 2. c4 c6 3. Nc3 Nf6 4. e3 e6 5. Bd3 Nbd7 6. b3 Bd6 7. f4 O-O 8. Nf3 b6
9. O-O Bb7 10. Bb2 a6 11. Ne5 c5 12. cxd5 exd5 13. Qf3 b5 14. Qh3 g6 15. Nxd7
Qxd7 16. Qxd7 Nxd7 17. dxc5 Bxc5 18. Nd1 Rfe8 19. Kf2 Nf8 20. Rc1 Bb6 21. Bd4
Bxd4 22. exd4 Ne6 23. Ke3 b4 24. g3 a5 25. Nb2 Re7 26. f5 gxf5 27. Bxf5 Ba6 28.
Rfe1 Rae8 29. Bxe6 Rxe6+ 30. Kf2 Re2+ 31. Rxe2 Rxe2+ 32. Kf3 Rxb2 33. Rc6 Bd3 0-1

[Event "World Blitz 2016"]
[Site "Doha QAT"]
[Date "2016.12.29"]
[Round "1.31"]
[White "Moiseenko, Alexander"]
[Black "Henriquez Villagra, Cristobal"]
[Result "1-0"]
[WhiteTitle "GM"]
[BlackTitle "IM"]
[WhiteElo "2657"]
[BlackElo "2517"]
[WhiteFideId "14102560"]
[BlackFideId "3409350"]
[EventDate "2016.12.29"]

1. d4 d5 2. c4 c6 3. Nc3 Nf6 4. Nf3 e6 5. Bg5 dxc4 6. a4 Bb4 7. e4 Bxc3+ 8. bxc3
Qa5 9. e5 Nd5 10. Bd2 Qa6 11. Ng5 Nd7 12. Qh5 g6 13. Qf3 f5 14. Nxe6 Ke7 15. Nf4
Nxf4 16. Bxf4 Nf8 17. Bg5+ Kf7 18. Be2 Be6 19. O-O Bd5 20. Qh3 h5 21. Bf6 Rh7
22. Bf3 Ne6 23. Bxd5 cxd5 24. Qf3 Qc6 25. Rfb1 Kg8 26. h3 Rf8 27. Rb5 Rd7 28.
Rab1 Kh7 29. g4 fxg4 30. hxg4 Ng5 31. Qh1 Ne4 32. gxh5 Nxf6 33. hxg6+ Kxg6 34.
exf6 Qxf6 35. Qg2+ Kf7 36. Rxb7 Rg8 37. Rxd7+ 1-0